| 000 | 00652nam a22001937a 4500 | ||
|---|---|---|---|
| 999 |
_c171228 _d171228 |
||
| 005 | 20200109112433.0 | ||
| 010 | _aENG-127304 | ||
| 020 |
_c995.00 _a9780199498727 |
||
| 035 | _aEN-110836 | ||
| 037 | _bDBAD/PUB. | ||
| 082 | _a800.8 | ||
| 100 | _aGovind,Nikhil | ||
| 245 |
_aLnlays of Subjectivity : _cby Nikhil Govind . _b Affect and Action in Modern Indian Literature / |
||
| 260 |
_aNew Delhi _boxford University press 2019. _c2019 |
||
| 270 |
_a22 workspace,2nd floor,1/22 Asaf Ali Road . _bNew Delhi _e110002 |
||
| 300 |
_axiii,170p. _c23cm.(hb) |
||
| 500 | _aIt includes Bibliograpy index | ||
| 942 |
_2ddc _cEN _mGOV _h954.51 |
||